000 00790nam a2200205 a 4500
005 20230607063611.0
008 991125s1977 mx 000 0 spa u
035 _aUPN01000036867
049 _aF
050 4 _aLE7.2913 U265
_bD412 no.92
100 1 _aRuiz de la Peña B., Alberto
245 1 3 _aLa marginalidad social, su problemática en la Ciudad de México /
_cAlberto Ruiz de la Peña B.
260 _aMéxico :
_bUNAM, Centro de Estudios sobre laUniversidad,
_c1977.
300 _a17 p.
440 0 _aDeslinde.
_pCuadernos de cultura política universitaria ;
_v92
650 4 _aBarrios bajos
_zCiudad de México
_92929
650 4 _aPobres
_zCiudad de México
_91195
710 2 _aUniversidad Nacional Autónoma de México.
_bCentro de Estudios sobre la Universidad
905 _aLibro
999 _c36867
_d36867